| 000 | 00566nam a2200193Ia 4500 | ||
|---|---|---|---|
| 003 | OSt | ||
| 005 | 20230608162058.0 | ||
| 008 | 210423s2001 xx 000 0 und d | ||
| 040 | _cAL | ||
| 082 |
_a361.1 PRAH _223 |
||
| 100 |
_aPRABHAKAR (Vani) _9122914 |
||
| 245 | _aHuman development and social dynamics | ||
| 260 |
_aNew Delhi _bDominant Publishers and Distributors _c2001 |
||
| 365 |
_b995 _cINR |
||
| 650 |
_aSocial Problems _9122915 |
||
| 650 |
_aSocial Problems & Services _9122916 |
||
| 906 | _adevelopment ; dynamics ; Human ; social | ||
| 942 |
_2ddc _cBK |
||
| 999 |
_c174104 _d174104 |
||